| 000 | 00441nam a2200157Ia 4500 | ||
|---|---|---|---|
| 008 | 230711s9999||||xx |||||||||||||| ||und|| | ||
| 041 | _aENG | ||
| 082 |
_a720 _bSA-O |
||
| 100 | _aSakurai,H | ||
| 245 | 0 | _aOrganosilicon and bioorganosilicon Chemistry : Structure bonding reactivity and synthetic application | |
| 250 | _a1st . Ed. | ||
| 260 |
_c1985 _aNew York _bJohn Wiley & Sons.Inc |
||
| 300 | _a298 | ||
| 650 | _aChemistry | ||
| 942 | _cBK | ||
| 999 |
_c2043 _d2043 |
||